| 000 | 01831cam a22003611i 4500 | ||
|---|---|---|---|
| 003 | SA-RiAUC | ||
| 005 | 20250627145037.0 | ||
| 008 | 250317s1990 le g bd 00100 ara c | ||
| 040 |
_aSA-RiKSU _bara _cSA-RiAUC _erda |
||
| 050 | 4 | _bA35 1990 | |
| 082 | 0 | 4 |
_a258.2 _qSA-RiAUC |
| 090 |
_a258.2 _b ا ب ن ف |
||
| 100 | 1 |
_aابن فرحون، إبراهيم بن علي بن محمد، _dتوفي 799 هجري _eمؤلف. |
|
| 245 | 1 | 0 |
_aكشف النقاب الحاجب من مصطلح ابن الحاجب / _cتأليف إبراهيم بن علي بن فرحون ؛ دراسة وتحقيق حمزة أبو فارس، عبد السلام الشريف. |
| 250 | _aالطبعة الأولى. | ||
| 264 | 1 |
_aبيروت : _bدار الغرب الإسلامي، _c1990 |
|
| 300 |
_a211 صفحة ؛ _c25 سم |
||
| 336 |
_aنص _btxt _2rdacontent _3كتاب |
||
| 337 |
_aبدون وسيط _bn _2rdamedia |
||
| 338 |
_aمجلد _bnc _2rdacarrier |
||
| 500 | _aالكتاب يشرح فيه المؤلف الاصطلاحات التي استخدمها ابن الحاجب في كتابه جامع الأمهات. | ||
| 500 | _aملاحظات من الشيخ الدكتور عبدالوهاب سليمان رحمه الله بداخل الكتاب | ||
| 500 | _aكشاف : صفحة 183-202. | ||
| 504 | _aببليوجرافية : صفحة 203-208. | ||
| 590 | _aاسماء. | ||
| 650 | 7 |
_aالفقه المالكي _vمصطلحات _2aucsh |
|
| 700 | 1 |
_aأبو فارس، حمزة، _d1946- _eمحقق. |
|
| 700 | 1 |
_aالعالم، عبد السلام محمد الشريف، _d1911-1997 _eمحقق. |
|
| 700 | 1 | 2 |
_aابن الحاجب، عثمان بن عمر بن أبي بكر، _d570-646 هجري |
| 740 | 0 | 2 | _aجامع الأمهات. |
| 942 |
_2ddc _cBOOK _n0 |
||
| 949 |
_aSA-JeALM _d250317 _umohamedma123 _n1 |
||
| 999 |
_c7160 _d7160 |
||